[Event "Menorca op-B 4th"]
[Site "Ciutadella"]
[Date "2025.04.18"]
[Round "5"]
[White "Pedraza Fernandez, Miguel Angel"]
[Black "Dudkin, Ruslan"]
[Result "1-0"]
[WhiteElo "1846"]
[BlackElo "1829"]
[PlyCount "61"]
[EventDate "2025.04.16"]
[EventType "swiss"]
[EventRounds "9"]
[EventCountry "ESP"]
[SourceTitle "CB18_2025"]
[SourceDate "2025.04.30"]
[SourceVersion "1"]
[SourceVersionDate "2025.04.30"]
[SourceQuality "1"]

1. d4 Nf6 2. c4 e6 3. Nc3 d5 4. cxd5 exd5 5. Bg5 Be7 6. e3 h6 7. Bh4 c6 8. Bd3 0-0 9. Nge2 Be6 10. 0-0 Nbd7 11. Nf4 Bg4 12. f3 Be6 13. Bf2 Bd6 14. Nxe6 fxe6 15. e4 e5 16. exd5 exd4 17. Bxd4 Nxd5 18. Bc4 N7b6 19. Bb3 Qh4 20. h3 Qg3 21. Ne2 Qh2+ 22. Kf2 Kh8 23. Rh1 Rxf3+ 24. Kxf3 Rf8+ 25. Ke4 Qxg2+ 26. Kd3 Nb4+ 27. Kd2 Bf4+ 28. Kc3 N6d5+ 29. Bxd5 Nxd5+ 30. Kb3 Qf3+ 31. Nc3 1-0